Music Quiz

Random Music Quiz

Gerard way trivia Quiz Stats

 Plays Quiz not verified by Sporcle

Challenge
Share
Tweet
Embed
Score 0/15 Timer 06:00
0 Plays Today
Question % Correct
what age was gerard held at gun point?15
93.5%
what is gerards full name?Gerard Arthur Way
93.5%
Does he like nigh or day?night
75.2%
Who is Gerard's mum's nameDonna
74.8%
Whats Gerard natural hair colour?brown
74.2%
did gerard draw the album cover to the first album?no
68.6%
Who is he marryed to?Lyn-Z
66.8%
Whats his childs name?Bandit Lee
65.5%
Question % Correct
Where did gerard study art?New York
51.2%
Whats gerard's favourite drink?Coffee
43.8%
Whats his favourite book?The Catcher in the Rye
43.2%
What year did he graduate?1997
37.9%
What superhero does he hate?Speedball
21.7%
where did Gerard go to high school?Bellville high school
16.8%
What two bands influence gerard the most?The misfits and Iron Maiden
14%

You're not logged in!

Compare scores with friends on all Sporcle quizzes.
Join for Free
OR
Log In

You Might Also Like...

Show Comments

Extras

Created Sep 7, 2011ReportNominate
Tags:gerard

Top Quizzes Today


Score Distribution

Your Account Isn't Verified!

In order to create a playlist on Sporcle, you need to verify the email address you used during registration. Go to your Sporcle Settings to finish the process.

Report this User

Report this user for behavior that violates our Community Guidelines.

Details: